La ecología en la escuela
Tallennettuna:
| Päätekijä: | |
|---|---|
| Aineistotyyppi: | Kirja |
| Kieli: | espanja |
| Julkaistu: |
Buenos Aires, Argentina
Kapelusz
1976
|
| Sarja: | Colección de Pedagogía Práctica
|
| Aiheet: | |
| Tagit: |
Lisää tagi
Ei tageja, Lisää ensimmäinen tagi!
|
MARC
| LEADER | 00000nam a2200000 a 4500 | ||
|---|---|---|---|
| 001 | UCZ7376 | ||
| 003 | CL-VaPUC | ||
| 005 | 20210313001911.0 | ||
| 008 | 951228e19760000AG |||||||||||||||||spa|d | ||
| 999 | |c 243463 |d 243461 | ||
| 040 | |c Pontificia Universidad Católica de Valparaíso | ||
| 082 | 0 | 4 | |a 372.357 DAU 1976 |2 21 |
| 100 | 0 | |a Daubois, J |9 352215 | |
| 245 | 1 | 3 | |a La ecología en la escuela |
| 260 | 0 | 3 | |a Buenos Aires, Argentina |b Kapelusz |c 1976 |
| 300 | |a 93 páginas | ||
| 490 | 0 | |a Colección de Pedagogía Práctica | |
| 583 | |a last modification |c 19951228 00:00:00 |k Rodrigo Vera | ||
| 650 | 0 | |a Ecología |9 258124 | |
| 650 | 0 | |a Métodos de enseñanza |9 270413 | |
| 650 | 7 | |a BIOCLIMATOLOGIA |2 CL-VaPUC |9 261834 | |
| 650 | 7 | |a ECOLOGIA ANIMAL |2 CL-VaPUC |9 352216 | |
| 942 | |c BK |2 ddc | ||
| 945 | |d 19951228 00:00:00 |a lriquelm | ||
| 952 | |0 0 |1 0 |2 ddc |4 0 |6 372_357000000000000_DAU_1976 |7 0 |8 P |9 257097 |a BIBEDU |b BIBEDU |c BIBEDU_PB |d 2019-11-19 |i 1611127 |o 372.357 DAU 1976 |p 1611127 |r 2024-01-25 |t 2 |w 2019-11-19 |y BK |k EDU | ||
| 952 | |0 0 |1 0 |2 ddc |4 0 |6 372_357000000000000_DAU_1976 |7 0 |8 A |9 257099 |a BIBCUR |b BIBCUR |d 2019-11-19 |i 2709295 |o 372.357 DAU 1976 |p 2709295 |r 2025-04-22 |t 1 |w 2019-11-19 |y BK |k BIO | ||